| 000 | 01554nam a2200265Ia 4500 | ||
|---|---|---|---|
| 999 |
_c52873 _d52873 |
||
| 001 | 19903 | ||
| 003 | GE_BSU | ||
| 005 | 20200507220213.0 | ||
| 008 | 181216s2016||||ge |||||||||||||| ||geo|| | ||
| 020 | _a9789941084287 | ||
| 040 | _cGE_BSU | ||
| 041 | _ageo | ||
| 080 | _a28-45 ი-85 | ||
| 245 |
_aისლამში ოჯახური პედაგოგიკა / _cმთარგმნ. და წინასიტყვ. ავტ. ქამალედდინ ერდინი ; სარედ. კოლ.: უშანგი ბოლქვაძე, ადამ შანთაძე, გელა გოგიტიძე. |
||
| 264 |
_aბათუმი : _bერქამი, _c2016. |
||
| 300 |
_a166 გვ. ; _c21სმ. |
||
| 520 | _aწიგნი გამოცემულია საქართველოს ახალგაზრდებზე დახმარების ასოციაციის მიერ, სრულიად საქართველოს მუსლიმთა სამმართველოს ინიციატივით | ||
| 541 | _h4ლ. | ||
| 653 | _aაღზრდა ოჯახში | ||
| 653 | _aისლამი | ||
| 653 | _aისლამში ოჯახური პედაგოგიკა | ||
| 653 | _aრელიგია | ||
| 700 |
_aერდინი, ქამალედდინ _eმთარგმნელი და წინასიტყვაობის ავტორი _98011 |
||
| 942 |
_cBK _2udc |
||